Mi abuelo no era nazi : el nacionalsocialismo y el holocausto en la memoria familiar /

Guardado en:
Autor Principal: Welzer, Harald
Otros Autores: Moller, Sabine, Tschuggnall, Karoline, Jensen, Olaf, Koch, Torsten, Frigari, Rosario, trad., Der-meguerditchián, Silvina, trad., Feierstein, Daniel, pról.
Formato: Libro
Publicado: Buenos Aires : Prometeo, 2012
Materias:
Etiquetas: Agregar Etiqueta
Sin Etiquetas, Sea el primero en etiquetar este registro!
LEADER 00953nam a22003015a 4500
001 EHU.bham044495
003 AR-BHAM
005 20161220141241.0
008 130507s2012##################000#0#####d
020 |a 9789875745490 
082 3 0 |a 304.663 
100 1 |a Welzer, Harald 
245 1 0 |a Mi abuelo no era nazi :  |b el nacionalsocialismo y el holocausto en la memoria familiar /  |c  Harald Welzer, Sabine Moller, Karoline Tschuggnall : 
260 |a Buenos Aires :  |b Prometeo,  |c 2012 
300 |a 255 p. 
653 |a Holocausto 
653 |a Genocidio 
653 |a Nazismo 
653 |a Nacionalsocialismo 
653 |a Memoria 
700 1 |a Moller, Sabine 
700 1 |a Tschuggnall, Karoline 
700 1 |a Jensen, Olaf 
700 1 |a Koch, Torsten 
700 1 |a Frigari, Rosario, trad. 
700 1 |a Der-meguerditchián, Silvina, trad. 
700 1 |a Feierstein, Daniel, pról. 
859 |a AR-BHAM  |b BIB. HUMANIDADES - General  |h 304.663  |i W469  |p 721.16  |t Ej.1